Социалистическое самоуправление

Xehetasun bibliografikoak
Beste egile batzuk: Юзьков Л. П. (редактор), Керимов Д. А.-А.
Gaia:Авт. указаны на обороте тит. л.
Исключено из фонда НТБ ТПУ
Hizkuntza:errusiera
Argitaratua: Киев, Политиздат Украины, 1989
Formatua: MixedMaterials Liburua
KOHA link:https://koha.lib.tpu.ru/cgi-bin/koha/opac-detail.pl?biblionumber=215661

MARC

LEADER 00000nam0a2200000 4500
001 215661
005 20231031193946.0
010 |a 5319001894 
020 |a RU  |b 90-4491 
035 |a (RuTPU)RU\TPU\book\235592 
090 |a 215661 
100 |a 20120515d1989 m a0rusy5003 ca 
101 0 |a rus 
102 |a UA 
105 |a y z 001zy 
200 1 |a Социалистическое самоуправление  |f под ред. Л. П. Юзькова, Д. А.-А. Керимова 
210 |a Киев  |c Политиздат Украины  |d 1989 
215 |a 139,[2] с.  |d 20 см 
300 |a Авт. указаны на обороте тит. л. 
320 |a Библиогр. в примеч.: с. 137-140. 
333 |a Исключено из фонда НТБ ТПУ 
702 1 |a Юзьков  |b Л. П.  |4 340 
702 1 |a Керимов  |b Д. А.-А.  |4 340 
801 0 |a RU  |b RuMRKP  |c 19950417  |g psbo 
801 1 |a RU  |b 63413507  |c 20120515 
801 2 |a RU  |b 63413507  |c 20170127  |g RCR 
942 |c BK